[Event "11th Open"]
[Site "Kavala GRE"]
[Date "2002.08.17"]
[Round "9"]
[White "Marjanovic,S"]
[Black "Zozulia,A"]
[Result "1-0"]
[WhiteElo "2485"]
[BlackElo "2309"]

1.e4 c5 2.Nf3 Nc6 3.Nc3 e6 4.d4 cxd4 5.Nxd4 Nf6 6.Nxc6 bxc6 7.e5 Nd5 8.Ne4 Qc7
9.f4 Qb6 10.c4 Bb4+ 11.Ke2 Ba6 12.Kf3 f5 13.exf6 Nxf6 14.c5 Qa5 15.Nxf6+ gxf6
16.Bxa6 Qxa6 17.Qd4 Qb5 18.Be3 Rf8 19.Rhd1 Rf7 20.Rac1 Ba5 21.Qc4 Rb8 22.b3 Bc7
23.Rd4 Qxc4 24.Rcxc4 Ke7 25.Ra4 a5 26.Rd3 Rb5 27.Rad4 Kd8 28.Rc4 Ke7 29.Bd2 Bb8
30.a4 Rb7 31.Bxa5 Rg7 32.Bd2 Bc7 33.Kf2 Rb8 34.Rcd4 Kd8 35.Kf1 Rg4  1-0

[Event "11th Open"]
[Site "Kavala GRE"]
[Date "2002.08.17"]
[Round "9"]
[White "Andrijevic,M"]
[Black "Todorovic,V"]
[Result "1-0"]
[WhiteElo "2382"]
[BlackElo "2106"]

1.e4 c5 2.Nf3 e6 3.d4 cxd4 4.Nxd4 Nc6 5.Nc3 d6 6.Be2 Nf6 7.Be3 Be7 8.O-O O-O
9.f4 e5 10.fxe5 dxe5 11.Nf5 Bxf5 12.Rxf5 Rc8 13.Kh1 g6 14.Qxd8 Rfxd8 15.Rff1 Nd4
16.Bd3 Kg7 17.Bf2 Ng4 18.Bg3 h5 19.Nd5 Bg5 20.h4 Bf4 21.Bxf4 exf4 22.c3 Nf5
23.Rxf4 Nfe3 24.Be2 Nxd5 25.exd5 Rxd5 26.Bxg4 hxg4 27.Rxg4 Rd2 28.Rb4 b6
29.Re1 Rc7 30.Kg1 Rcd7 31.Kf1 Rc2 32.Re2 Rdd2 33.Rxd2 Rxd2 34.Kg1 f5 35.Kh2 Kh6
36.Kg3 Kh5 37.Kh3 Re2 38.a4 Re3+ 39.g3 Re2 40.Rb5 Re4 41.a5 Re6 42.axb6 axb6
43.g4+ Kh6 44.gxf5 gxf5 45.Rxf5 Re3+ 46.Kg4 Re4+ 47.Rf4 Re6 48.Kf5 Rc6 49.Ke5 Kh5
50.Kd5 Rg6 51.Kc4 Rg2 52.b4 Rg3 53.Kb5 Rxc3 54.Kxb6  1-0

[Event "11th Open"]
[Site "Kavala GRE"]
[Date "2002.08.17"]
[Round "9"]
[White "Berelovich,A"]
[Black "Shavtvaladze,N"]
[Result "1-0"]
[WhiteElo "2533"]
[BlackElo "2399"]

1.e4 c5 2.Nf3 e6 3.Nc3 Nc6 4.d4 cxd4 5.Nxd4 Qc7 6.f4 a6 7.Be2 b5 8.Nxc6 Qxc6
9.Bf3 Bb7 10.Be3 Rc8 11.Qd4 Nh6 12.a3 Qc4 13.O-O-O Qxd4 14.Bxd4 f6 15.Rd3 Bc5
16.Rhd1 Bxd4 17.Rxd4 Bc6 18.Na2 a5 19.b4 e5 20.fxe5 fxe5 21.R4d3 Ra8 22.Kb2 Ke7
23.bxa5 Rxa5 24.Nb4 Ra7 25.Nd5+ Ke6 26.Rb3 g5 27.Nc3 Rb7 28.Be2 Rhb8 29.Nd5 Rf8
30.Rh3  1-0

[Event "ch-AUT"]
[Site "Oberpullendorf AUT"]
[Date "2002.08.18"]
[Round "9"]
[White "Hiermann,D"]
[Black "Pfaffel,T"]
[Result "1-0"]
[WhiteElo "2249"]
[BlackElo "2091"]

1.e4 c5 2.Nc3 Nc6 3.Nge2 e6 4.d4 cxd4 5.Nxd4 a6 6.Be2 Qc7 7.O-O Nf6 8.Be3 d6
9.Kh1 Ne5 10.f4 Nc4 11.Bc1 b5 12.Qd3 Bb7 13.Ndxb5 axb5 14.Nxb5 Qb6 15.Qxc4 Rc8
16.Qb3 Bxe4 17.Be3 Qc6 18.Na7 Qxc2 19.Rac1 Qxe2 20.Rxc8+ Ke7 21.Rc7+ Nd7
22.Rg1 h5 23.Qa4  1-0

[Event "ch-AUT"]
[Site "Oberpullendorf AUT"]
[Date "2002.08.18"]
[Round "9"]
[White "Baumegger,S"]
[Black "Eder,M"]
[Result "1-0"]
[WhiteElo "2364"]
[BlackElo "2211"]

1.e4 c5 2.Nf3 e6 3.d4 cxd4 4.Nxd4 Nc6 5.Nc3 Nf6 6.Ndb5 d6 7.Bf4 Ne5 8.Qd4 Bd7
9.Nxd6+ Bxd6 10.Qxd6 Ng6 11.Nb5 Bxb5 12.Bxb5+ Nd7 13.O-O-O Nf8 14.Rd3 Qe7
15.Qc7 e5 16.Rhd1 exf4 17.Bxd7+ Nxd7 18.Rxd7 Qf6 19.e5 Qg5 20.Rxf7 f3+ 21.Kb1 Rd8
22.Rdd7  1-0

[Event "Botvinnik Mem A"]
[Site "Elista RUS"]
[Date "2002.08.19"]
[Round "3"]
[White "Klovans,J"]
[Black "Taimanov,M"]
[Result "1/2-1/2"]
[WhiteElo "2425"]
[BlackElo "2425"]

1.e4 c5 2.Nf3 e6 3.d4 cxd4 4.Nxd4 Nc6 5.Nc3 Qc7 6.Be2 a6 7.O-O Nf6 8.Be3 Bb4
9.Na4 Be7 10.Nxc6 bxc6 11.Bd3 c5 12.c4 O-O 13.Nc3 d6 14.f4 Rb8 15.b3 Nd7
16.Qd2 Bf6 17.Rad1 Bd4 18.Be2 e5 19.Nd5 Qd8 20.Bg4 Nb6  1/2-1/2

[Event "Open"]
[Site "Birstonas LIT"]
[Date "2002.08.20"]
[Round "4"]
[White "Asauskas,H"]
[Black "Pileckis,E"]
[Result "1-0"]
[WhiteElo "2384"]
[BlackElo "2171"]

1.e4 c5 2.Nf3 e6 3.Nc3 Nc6 4.d4 cxd4 5.Nxd4 Nf6 6.Ndb5 Bb4 7.a3 Bxc3+ 8.Nxc3 d5
9.exd5 exd5 10.Bd3 O-O 11.O-O d4 12.Ne4 Bf5 13.Bg5 Bxe4 14.Bxe4 Qd6 15.Bxf6 Qxf6
16.Re1 Rad8 17.Qf3 Qxf3 18.Bxf3 Rfe8 19.Rxe8+ Rxe8 20.Kf1 g6 21.Re1 Rc8 22.Ke2 Ne5
23.Kd2 Nxf3+ 24.gxf3 Rc5 25.Re4 Rf5 26.f4 Rh5 27.Rxd4 Rxh2 28.Ke2 Rh5 29.Rd7 Rb5
30.b4 h5 31.c4 Rf5 32.Ke3 h4 33.Rxb7 Rh5 34.Rd7 Kf8 35.c5 Ke8 36.Rd1 Ke7
37.Kf3 h3 38.Rh1 a5 39.Kg3 axb4 40.axb4 Kd7 41.Rxh3 Rf5 42.Rh1 Kc6 43.Rd1 Kb5
44.Rc1 Rd5 45.c6 Rd8 46.c7 Rc8 47.Kg4 f5+ 48.Kg5 Kxb4 49.Kf6  1-0

[Event "13th Summer Open"]
[Site "Recklinghausen GER"]
[Date "2002.08.20"]
[Round "3"]
[White "Zeier,R"]
[Black "Wilde,P"]
[Result "0-1"]
[WhiteElo "2142"]
[BlackElo "2275"]

1.e4 c5 2.Nf3 e6 3.d4 cxd4 4.Nxd4 Nc6 5.Nc3 Qc7 6.Be2 a6 7.Be3 Nf6 8.O-O Bb4
9.Na4 Bd6 10.f4 Nxe4 11.Nxc6 bxc6 12.Qd4 Nf6 13.c4 O-O 14.Nb6 Rb8 15.c5 Be7
16.Nxc8 Qxc8 17.f5 Nd5 18.f6 Bxf6 19.Rxf6 Nxf6 20.Bf4 Nd5 21.Bxb8 Qxb8 22.Bxa6 e5
23.Qf2 e4 24.Bc4 Qe5 25.Re1 Re8 26.b3 e3 27.Qf3 Qd4 28.g3 Qxc5 29.Kg2 Nf6
30.g4 h6 31.Re2 Qd4 32.Rc2 d5 33.Be2 Nd7 34.Kg3 Re6 35.Qf4 Qxf4+ 36.Kxf4 Re4+
37.Kg3 Ne5 38.a4 d4 39.a5 d3 40.Bxd3 Nxd3 41.Kf3 Re5 42.Re2 Rxa5 43.Rxe3 Ne5+
44.Kg3 g5 45.h4 f6  0-1

[Event "Botvinnik Mem B"]
[Site "Elista RUS"]
[Date "2002.08.21"]
[Round "5"]
[White "Litvinov,Vl"]
[Black "Osnos,V"]
[Result "1/2-1/2"]
[WhiteElo "2390"]
[BlackElo "2384"]

1.e4 c5 2.Nf3 e6 3.d4 cxd4 4.Nxd4 Nc6 5.Nc3 a6 6.Be2 Qc7 7.O-O Nf6 8.Be3 Bb4
9.Na4 Be7 10.Nxc6 bxc6 11.Nb6 Rb8 12.Nxc8 Qxc8 13.e5 Nd5 14.Bc1 Bc5 15.Qd3 O-O
16.c4 Ne7 17.b3 Qc7 18.Bb2 Ng6 19.Bf3 d6 20.exd6 Bxd6 21.g3 Be5 22.Bxe5 Nxe5
23.Qc3 c5  1/2-1/2

[Event "Open"]
[Site "Padron ESP"]
[Date "2002.08.23"]
[Round "2"]
[White "Sanchez Aller,F"]
[Black "Mirzoev,A"]
[Result "0-1"]
[WhiteElo "2205"]
[BlackElo "2498"]

1.e4 c5 2.Nf3 Nc6 3.d4 cxd4 4.Nxd4 e6 5.Nc3 Qc7 6.g3 Nf6 7.Bg2 a6 8.O-O Bb4
9.Bg5 Be7 10.Re1 h6 11.Bc1 Nxd4 12.Qxd4 d6 13.a4 O-O 14.h3 e5 15.Qd3 Be6
16.Be3 Rac8 17.a5 Rfe8 18.Rec1 Qc4 19.Qxc4 Rxc4 20.Nd5 Bxd5 21.exd5 Nd7 22.b3 Rc3
23.Bd2 Rcc8 24.b4 Bg5 25.Bxg5 hxg5 26.c4 e4 27.Ra3 f5 28.f4 gxf4 29.gxf4 Nf6
30.Rac3 Rc7 31.Rd1 Nh5 32.Bf1 Nxf4 33.Kf2 Kf7 34.Ke3 Ng6 35.Kd4 f4 36.c5 e3
37.Bd3 Nh4 38.Be2 f3 39.Rf1 Nf5+ 40.Kd3 fxe2  0-1

[Event "XIV Open"]
[Site "Porto San Giorgio ITA"]
[Date "2002.08.23"]
[Round "4"]
[White "Mrdja,M"]
[Black "Farago,I"]
[Result "1/2-1/2"]
[WhiteElo "2370"]
[BlackElo "2502"]

1.e4 c5 2.Nf3 e6 3.d4 cxd4 4.Nxd4 Nc6 5.Nc3 Qc7 6.Be3 a6 7.Bd3 Nf6 8.O-O Ne5
9.h3 Bc5 10.Qe2 d6 11.f4 Ng6 12.Nb3 Bxe3+ 13.Qxe3  1/2-1/2

[Event "Open"]
[Site "Birstonas LIT"]
[Date "2002.08.24"]
[Round "8"]
[White "Sarakauskas,G"]
[Black "Pileckis,E"]
[Result "1-0"]
[WhiteElo "2399"]
[BlackElo "2171"]

1.e4 c5 2.Nf3 e6 3.d4 cxd4 4.Nxd4 Nc6 5.Nc3 Nf6 6.Ndb5 Bb4 7.Bf4 Nxe4 8.Qf3 d5
9.Nc7+ Kf8 10.Nxa8 Nd4 11.Qd3 Qf6 12.Be3 Nc6 13.a3 Ba5 14.Rb1 Nxc3 15.bxc3 Ne5
16.Qb5 Bxc3+ 17.Kd1 Nc6 18.Qc5+ Kg8 19.Bb5 Ne7 20.Nc7 b6 21.Qd6 Nf5 22.Qc6 h6
23.Nxd5 exd5 24.Qxc8+ Kh7 25.Qxf5+  1-0

[Event "Botvinnik Mem A"]
[Site "Elista RUS"]
[Date "2002.08.25"]
[Round "8"]
[White "Bykhovsky,An RUS"]
[Black "Taimanov,M"]
[Result "1/2-1/2"]
[WhiteElo "2378"]
[BlackElo "2425"]

1.e4 c5 2.Nf3 e6 3.d4 cxd4 4.Nxd4 Nc6 5.Nc3 a6 6.g3 d6 7.Bg2 Bd7 8.O-O Nf6
9.Re1 Be7 10.Nxc6 Bxc6  1/2-1/2

[Event "WY ol"]
[Site "Kuala Lumpur MAS"]
[Date "2002.08.25"]
[Round "6"]
[White "Lip,C"]
[Black "Nguyen Ngoc Truongson"]
[Result "0-1"]
[WhiteElo "2057"]
[BlackElo "2234"]

1.e4 c5 2.Nf3 e6 3.d4 cxd4 4.Nxd4 Nc6 5.Nc3 Nf6 6.Ndb5 Bb4 7.a3 Bxc3+ 8.Nxc3 d5
9.Bd3 dxe4 10.Nxe4 Nxe4 11.Bxe4 Qxd1+ 12.Kxd1 Bd7 13.Be3 O-O-O 14.Ke2 f5
15.Bxc6 Bxc6 16.Bxa7 Rd6 17.Rhd1 Rhd8 18.Rxd6 Rxd6 19.Be3 e5 20.f3 f4 21.Bd2 Rh6
22.Rh1 g5 23.Kf2 Kd7 24.Re1 Ke6 25.h3 Kf5 26.Bc3 Re6 27.Re2 h5 28.b3 e4 29.fxe4+ Bxe4
30.Bd4 g4 31.c3 Rg6 32.Ke1 Re6 33.Kf2 Rg6 34.Ke1 Rg8 35.a4 gxh3 36.gxh3 Rg3
37.Rh2 Bg2 38.Bf2 Rg6 39.Bd4 Ke4 40.Kf2 f3 41.b4 Kf4 42.Be3+ Ke4 43.Bd4 Kd3
44.a5 Kc4 45.h4 Rg4 46.Be5 Re4 47.Bd4 Re2+ 48.Kg3 Rd2 49.Be3 Rb2 50.Bd4 Kd3
51.b5 Rxb5 52.Rxg2 fxg2 53.Kxg2 Rxa5 54.Kf3 Rf5+ 55.Kg3 b5 56.Bg7 Rc5  0-1

[Event "Open"]
[Site "Padron ESP"]
[Date "2002.08.25"]
[Round "4"]
[White "Permuy Lorenzo,C"]
[Black "Barlov,D"]
[Result "1/2-1/2"]
[WhiteElo "2300"]
[BlackElo "2422"]

1.e4 c5 2.Nf3 e6 3.d4 cxd4 4.Nxd4 Nc6 5.Nc3 a6 6.Be2 Qc7 7.f4 Nxd4 8.Qxd4 b5
9.Be3 Ne7 10.O-O Nc6 11.Qd2 Be7 12.Rad1 O-O 13.Nd5 exd5 14.exd5 Bf6 15.dxc6 dxc6
16.c4 Be6 17.b3 bxc4 18.bxc4 Rab8 19.Rb1 Bf5 20.Rb3 Rfd8 21.Qc1 Rxb3 22.axb3 Bd3
23.Re1 Bxe2 24.Rxe2 g6 25.Rd2 Qa5 26.Rxd8+ Qxd8 27.Qd2 Qxd2 28.Bxd2 Bd4+
29.Kf1 f5 30.Ke2 Kf7 31.Kd3 Bg1 32.h3 Bc5 33.Bc3 Ke6 34.Bd2 Be7 35.Kd4 Bd6
36.Bc1 Kd7 37.Bd2 Ke6 38.Bc1 Bb4 39.Be3 Kd6 40.Kd3 Ke6 41.Bc1  1/2-1/2

[Event "22nd Open"]
[Site "Bratto ITA"]
[Date "2002.08.26"]
[Round "7"]
[White "Belotti,B"]
[Black "Vancini,E"]
[Result "1-0"]
[WhiteElo "2430"]
[BlackElo "2307"]

1.e4 c5 2.Nf3 e6 3.d4 cxd4 4.Nxd4 Nc6 5.Nc3 Qc7 6.Be2 a6 7.O-O Nf6 8.Kh1 Nxd4
9.Qxd4 Bc5 10.Qd3 b5 11.f4 Bb7 12.Bf3 h5 13.e5 Ng4 14.Bxb7 Qxb7 15.Ne4 Be7
16.h3 Nh6 17.Be3 Nf5 18.Bf2 Rd8 19.Qf3 Kf8 20.Rfd1 d5 21.exd6 Nxd6 22.Bc5  1-0

[Event "Open"]
[Site "Nikea GRE"]
[Date "2002.08.26"]
[Round "8"]
[White "Stiri,A"]
[Black "Abatzidis,S"]
[Result "1-0"]
[WhiteElo "2153"]
[BlackElo "2059"]

1.e4 c5 2.Nf3 e6 3.d4 cxd4 4.Nxd4 Nc6 5.Nc3 a6 6.Be3 Bb4 7.Bd3 Qf6 8.Ne2 d5
9.exd5 exd5 10.O-O Be6 11.Nf4 Bxc3 12.bxc3 Nge7 13.Rb1 b5 14.Nh5 Qxc3 15.Rb3 Qe5
16.Bf4 Qd4 17.c3 Qa4 18.Nxg7+ Kd7 19.c4 Nd4 20.cxd5 Nxd5 21.Nxe6 fxe6 22.Be5 Nxb3
23.axb3 Qb4 24.Bxh8 Rxh8 25.Qa1 Ra8 26.Qg7+ Kd6 27.Qb7 Rg8 28.Qxa6+ Ke7 29.g3 Qf4
30.Bxh7 Rg5 31.Qxb5 Ne3 32.Qb7+ Kf6 33.fxe3  1-0

[Event "ch-RUS"]
[Site "Krasnodar RUS"]
[Date "2002.08.27"]
[Round "1"]
[White "Lastin,A"]
[Black "Hasangatin,R"]
[Result "1/2-1/2"]
[WhiteElo "2625"]
[BlackElo "2517"]

1.e4 c5 2.Nf3 Nc6 3.d4 cxd4 4.Nxd4 e6 5.Nc3 Bb4 6.Nxc6 dxc6 7.Qxd8+ Kxd8
8.Bf4 Nf6 9.O-O-O+ Ke7 10.Be5 Ng4 11.Bg3 f6 12.h3 Ne5 13.f4 Nf7 14.e5 Bxc3
15.bxc3 Bd7 16.Bh4 Rad8 17.Bc4 Bc8 18.Rde1 b5 19.Bd3 Rd5 20.Rhf1 Rhd8 21.Rf3 h6
22.c4 bxc4 23.Bxc4 Rd4 24.exf6+ gxf6 25.Bb3 Nd6 26.Bf2 Re4 27.Rd1 Nc4 28.Rxd8 Kxd8
29.Rd3+ Kc7 30.Rd4 Re2 31.Bh4 Na5 32.Ba4 c5 33.Rd2 Re4 34.Bb5 Kb6 35.Be2 Nc4
36.Bxc4 Rxc4 37.Rf2 f5 38.Bf6 h5 39.g3  1/2-1/2

[Event "ch-RUS"]
[Site "Krasnodar RUS"]
[Date "2002.08.28"]
[Round "2"]
[White "Dashko,A"]
[Black "Jakovenko,D"]
[Result "0-1"]
[WhiteElo "2401"]
[BlackElo "2552"]

1.e4 c5 2.Nf3 e6 3.d4 cxd4 4.Nxd4 Nc6 5.Nc3 Qc7 6.Be3 a6 7.Bd3 Nf6 8.O-O b5
9.f4 Bc5 10.Nf5 Ne7 11.Nxg7+ Kf8 12.Bxc5 Qxc5+ 13.Kh1 Kxg7 14.e5 Ne8 15.Qh5 d5
16.Rf3 h6 17.f5 exf5 18.g4 Kf8 19.gxf5 Ng7 20.Qh4 Ngxf5 21.Qf6 Rg8 22.Bxf5 Nxf5
23.Qd8+ Kg7 24.Qf6+ Kh7 25.Rxf5 Rg6 26.Qxf7+ Rg7 27.Qh5 Bb7 28.Re1 Rag8 29.Rf7 d4+
30.Ne4 Bxe4+ 31.Rxe4 d3 32.Qf5+ Kh8 33.Rxg7 Rxg7 34.Rd4 Qc6+ 35.Re4 dxc2  0-1

[Event "ch-RUS"]
[Site "Krasnodar RUS"]
[Date "2002.08.28"]
[Round "2"]
[White "Grigoriants,S RUS"]
[Black "Geller,J"]
[Result "1/2-1/2"]
[WhiteElo "2490"]
[BlackElo "2406"]

1.e4 c5 2.Nf3 Nc6 3.Nc3 e6 4.d4 cxd4 5.Nxd4 Qc7 6.Be3 a6 7.Bd3 Nf6 8.O-O Bd6
9.h3 b5 10.a3 Bb7 11.Nb3 Be7 12.f4 d6 13.Qe1 O-O 14.Qf2 Nd7 15.Rad1 Rac8
16.Ne2 Rfe8 17.c3 e5 18.Bb1 Nf8 19.Ng3 exf4 20.Bxf4 g6 21.Nd4 Ne5 22.Ba2 Bh4
23.Nf3 Bf6 24.Nxe5 Bxe5 25.Bxe5 Rxe5 26.Qd4 Qc5 27.Rf6 Ne6 28.Bxe6 Rxe6 29.Rxe6 fxe6
30.Qxc5 dxc5 31.Rd7 Bc6 32.Re7 b4 33.Rxe6 Kf7 34.Rd6 Ke7 35.e5 bxa3 36.bxa3 c4
37.h4 a5 38.h5 Be8 39.Rd5 a4 40.hxg6 Bxg6 41.Ra5 Bc2 42.Ne2 Rb8 43.Nd4 Rb1+
44.Kf2 Bd3 45.Rxa4 Rc1 46.Ra7+ Kf8 47.Nb5 Rf1+ 48.Ke3 Rg1 49.Kf2 Rf1+ 50.Ke3 Rd1
51.Kf3 Re1 52.Nd6 Rxe5 53.Rf7+ Kg8 54.Rf4 Rd5 55.Nxc4 Rc5 56.Ne3 Rxc3 57.Ra4 Kg7
58.Kf4 Kg6 59.Ke5 Bb5 60.Nd5 Rg3 61.Ra5 Bf1 62.Nf4+ Kf7 63.Ra7+ Kg8 64.Kf6 Bxg2
65.Rd7 h6 66.Ne6 Rf3+ 67.Kg6 Rg3+ 68.Kxh6 Bh3 69.Rd8+ Kf7 70.Ng5+ Ke7 71.Ra8 Bf5
72.Ra6 Kd7 73.Ra5 Bc2  1/2-1/2

[Event "ch-RUS"]
[Site "Krasnodar RUS"]
[Date "2002.08.28"]
[Round "2"]
[White "Galkin,A"]
[Black "Tunik,G"]
[Result "1/2-1/2"]
[WhiteElo "2572"]
[BlackElo "2505"]

1.e4 c5 2.Nf3 e6 3.d4 cxd4 4.Nxd4 Nc6 5.Nc3 a6 6.Be2 Qc7 7.O-O Nf6 8.Be3 Bb4
9.Na4 Be7 10.Nxc6 bxc6 11.Nb6 Rb8 12.Nxc8 Qxc8 13.Bd4 Nxe4 14.Bxg7 Rg8 15.Be5 d6
16.Qd3 f5 17.Bh5+ Kd7 18.Rad1 Rb5 19.Bf4 Rd5 20.Qh3 Rxd1 21.Rxd1 Qb7 22.b3 Qb6
23.Be3 Qa5 24.Bf3 Nf6 25.Bd4 Rf8 26.a4 Qb4 27.Qh6 Rf7 28.Qe3 Nd5 29.Qd3 Nc7
30.Be5 Qc5 31.Bf4 Rf8 32.c4 e5 33.Be3  1/2-1/2

[Event "VI BCX"]
[Site "Brasilia BRA"]
[Date "2002.08.29"]
[Round "7"]
[White "Campello,L"]
[Black "Valle,A"]
[Result "1-0"]
[WhiteElo "2238"]
[BlackElo "2231"]

1.e4 c5 2.Nf3 e6 3.d4 cxd4 4.Nxd4 Nc6 5.Nc3 a6 6.Be3 Nge7 7.Bd3 Nxd4 8.Bxd4 Nc6
9.Be3 b5 10.O-O Bb7 11.Re1 Be7 12.f4 d6 13.Qg4 O-O 14.Rad1 Qc8 15.Kh1 g6
16.Rf1 Nb4 17.f5 exf5 18.exf5 Nxd3 19.Rxd3 Re8 20.Bd4 b4 21.Rh3 Qc4 22.Ne2 Bf6
23.fxg6 Rxe2 24.gxh7+ Kf8 25.h8=Q+  1-0

[Event "ch-RUS"]
[Site "Krasnodar RUS"]
[Date "2002.08.29"]
[Round "3"]
[White "Savchenko,B"]
[Black "Grigoriants,S RUS"]
[Result "0-1"]
[WhiteElo "2366"]
[BlackElo "2490"]

1.e4 c5 2.Nf3 Nc6 3.d4 cxd4 4.Nxd4 e6 5.Nc3 d6 6.Be3 Nf6 7.f3 Be7 8.Qd2 O-O
9.O-O-O a6 10.g4 Nxd4 11.Bxd4 b5 12.h4 Nd7 13.g5 Bb7 14.a3 Rc8 15.Be2 Ne5
16.Rdg1 Nc6 17.Be3 b4 18.Nb1 d5 19.exd5 Na5 20.Qd3 Bxd5 21.axb4 Nb3+ 22.Kd1 Bc4
23.Qxd8 Rfxd8+ 24.Bd3 Bxb4 25.Rg4 a5 26.Rxc4 Rxc4 27.cxb3 Rxd3+ 28.Ke2 Rxb3  0-1

[Event "ch-RUS"]
[Site "Krasnodar RUS"]
[Date "2002.08.30"]
[Round "4"]
[White "Geller,J"]
[Black "Cherniaev,A1"]
[Result "1/2-1/2"]
[WhiteElo "2406"]
[BlackElo "2509"]

1.e4 c5 2.Nf3 Nc6 3.Nc3 e6 4.d4 cxd4 5.Nxd4 Nf6 6.Nxc6 bxc6 7.e5 Nd5 8.Ne4 Bb7
9.Be2 c5 10.O-O Qc7 11.Nd6+ Bxd6 12.exd6 Qc6 13.f3 Nb6 14.c4 Nc8 15.Bf4 f6
16.Bg3 e5 17.Bd3 Nxd6 18.Qc2 g6 19.Rfe1 Kf7 20.Rad1 Rad8 21.h4 Nc8 22.h5 Ne7
23.a3 d6 24.b4 Bc8 25.Be4 Qc7 26.Bf2 Be6 27.bxc5 dxc5 28.Rb1 Rb8 29.Rb5 Rxb5
30.cxb5 Rc8 31.Qd2 Bf5 32.Rc1 c4 33.Qe3 Bxe4 34.fxe4 Qb7 35.a4 a6 36.Qa7 Qxa7
37.Bxa7 axb5 38.axb5 Rc7 39.b6 Rb7 40.hxg6+ hxg6 41.Rxc4 Ke6 42.Rc3  1/2-1/2

[Event "ch-RUS"]
[Site "Krasnodar RUS"]
[Date "2002.08.31"]
[Round "5"]
[White "Shomoev,A"]
[Black "Geller,J"]
[Result "0-1"]
[WhiteElo "2533"]
[BlackElo "2406"]

1.e4 c5 2.Nf3 Nc6 3.d4 cxd4 4.Nxd4 e6 5.Nc3 Qc7 6.Be3 a6 7.Qd2 b5 8.O-O-O Bb7
9.Bf4 e5 10.Nxc6 Bxc6 11.Bg3 Nf6 12.f3 Be7 13.Nd5 Bxd5 14.exd5 d6 15.f4 Ne4
16.Qe3 Nxg3 17.hxg3 Bf6 18.Bd3 Rc8 19.g4 Qc5 20.Qe4 g6 21.g5 Be7 22.fxe5 Bxg5+
23.Kb1 O-O 24.Qg4 Qe3 25.Rde1 Qf4 26.Qh3 h5 27.Re4 Qd2 28.Re2 Qb4 29.Re4 Qd2
30.g4 h4 31.e6 Rce8 32.Re2 Qb4 33.a3 Qd4 34.Rhe1 Kg7 35.exf7 Rxe2 36.Rxe2 Qxd5
37.Rf2 Rxf7 38.Rxf7+ Qxf7 39.Qg2 Kh6 40.Qa8 Be3 41.Qe4 Bf4 42.Qg2 d5 43.Be2 Qe6
44.Bf3 Kg5 45.Qf1 Qe3 46.Bxd5 h3 47.Bf3 h2 48.Ka2 Kh4 49.Qd1 Qg1 50.Qd5 Qf1
51.b3 Qe1 52.Be4 Qc3 53.Qd1 Be5 54.Qc1 g5 55.Bd5 Bf4 56.Qb1 Qd2 57.b4 Qxd5+  0-1

[Event "ch-RUS"]
[Site "Krasnodar RUS"]
[Date "2002.08.31"]
[Round "5"]
[White "Vorobiov,E"]
[Black "Beshukov,S"]
[Result "1-0"]
[WhiteElo "2542"]
[BlackElo "2475"]

1.e4 c5 2.Nf3 Nc6 3.d4 cxd4 4.Nxd4 e6 5.Nc3 Qc7 6.Ndb5 Qb8 7.Be3 a6 8.Bb6 axb5
9.Nxb5 Bb4+ 10.c3 Ba5 11.Nc7+ Qxc7 12.Bxc7 Bxc7 13.Qg4 g6 14.Bd3 Nge7 15.O-O O-O
16.a4 d6 17.Qe2 Bd7 18.b4 Rfc8 19.a5 d5 20.a6 b6 21.f4 Re8 22.e5 Na7 23.b5 Bd8
24.Rac1 Rc8 25.c4 dxc4 26.Rxc4 Bxb5 27.Rxc8 Bxd3 28.Qxd3 Nexc8 29.Qd7 Rf8
30.g4 b5 31.f5 Bb6+ 32.Kh1 exf5 33.gxf5 g5 34.f6 Rd8 35.Qf5 h6 36.e6 Rf8
37.e7  1-0

[Event "GER-GRE Match"]
[Site "Fuerth GER"]
[Date "2002.09.01"]
[Round "2"]
[White "Luther,T"]
[Black "Mastrovasilis,D"]
[Result "1/2-1/2"]
[WhiteElo "2551"]
[BlackElo "2462"]

1.e4 c5 2.Nf3 e6 3.d4 cxd4 4.Nxd4 Nc6 5.Nc3 Qc7 6.Be3 a6 7.Qd2 Nf6 8.O-O-O b5
9.f3 Ne5 10.Kb1 Be7 11.g4 Bb7 12.g5 b4 13.gxf6 bxc3 14.fxg7 Rg8 15.Qxc3 Qxc3
16.bxc3 Rxg7 17.Be2 Rc8 18.Rhg1 Bf8 19.Nb3 Rxg1 20.Bxg1 Nc4 21.Bxc4 Rxc4
22.Na5 Rc8 23.Nxb7 Rb8 24.a4 Rxb7+ 25.Ka2 f6 26.Be3 Rc7 27.Kb3 Rb7+ 28.Ka2 Rc7
29.Rd3 Bc5 30.Bf4 Rc6 31.Bg3 Ke7 32.Kb3 Rb6+ 33.Ka2 Rc6 34.Kb3 Rb6+ 35.Ka2 Rc6
36.Kb3 Rb6+ 37.Kc4 Rc6 38.Rd1 Bd6+ 39.Kb3 Rb6+ 40.Kc4 Rc6+ 41.Kb3 Rb6+ 42.Ka2 Bc5
43.Bh4 Bd6 44.Bg3 Bc5 45.e5 fxe5 46.Bxe5 d6 47.Bd4 Rc6 48.Kb3 Rb6+ 49.Kc4 Rc6
50.Kd3 e5 51.Bxc5 Rxc5 52.Rb1 Ke6 53.Rb4 Rd5+ 54.Ke2 Rc5 55.Kd3 Rd5+ 56.Ke2 Rc5
57.Kd2 Rd5+ 58.Kc1 Kf5 59.Rh4 Rc5 60.Kd2 Rd5+ 61.Ke3 Rc5 62.Kd3 Rd5+ 63.Kc4 Rc5+
64.Kb4 a5+ 65.Kb3 Rc7 66.c4 Rb7+ 67.Kc3 Rb4 68.Rxh7 Rxa4 69.Rh6 Ra3+ 70.Kd2 Rxf3
71.Rxd6 Rf2+ 72.Ke3 Rxc2 73.Ra6 Rc3+ 74.Kf2 Kf4 75.Rxa5 e4 76.Ra2 Rxc4 77.h4 Rc3
78.Ke2 Rh3 79.Ra8 Rh2+ 80.Ke1 Kf3 81.Rf8+ Ke3 82.Kf1 Rxh4 83.Ra8 Rh1+ 84.Kg2 Rd1
85.Re8 Rd4 86.Kf1 Rb4 87.Re7 Rb1+ 88.Kg2 Re1 89.Ra7 Rd1 90.Re7 Rd6 91.Kf1 Rd1+
92.Kg2 Rd2+  1/2-1/2

[Event "GER-GRE Match"]
[Site "Fuerth GER"]
[Date "2002.09.01"]
[Round "2"]
[White "Schmaltz,R"]
[Black "Halkias,S"]
[Result "1-0"]
[WhiteElo "2547"]
[BlackElo "2550"]

1.e4 c5 2.Nc3 e6 3.Nf3 Nc6 4.d4 cxd4 5.Nxd4 Qc7 6.f4 Nxd4 7.Qxd4 a6 8.Be3 b5
9.O-O-O Bb7 10.Bd3 Rc8 11.Kb1 Nf6 12.e5 Nd5 13.Ne4 Be7 14.Nd6+ Bxd6 15.exd6 Qxd6
16.Qxg7 Qf8 17.Qd4 f5 18.Bf2 Rg8 19.Qa7 Bc6 20.Bc5 Qh6 21.Bd6 Kf7 22.Rhe1 Rge8
23.h3 Ra8 24.Qf2 Nf6 25.Be5 Rg8 26.g4 fxg4 27.f5 Rae8 28.hxg4 Rxg4 29.fxe6+ Rxe6
30.Bf5 Rxe5 31.Rxe5 Rg2 32.Qc5 Qf8 33.Be6+ Kg7 34.Rg5+ Rxg5 35.Qxg5+ Kh8
36.Rf1 dxe6 37.Rxf6 Qd8 38.b3 Be4 39.Kc1 Qc8 40.Rf2 Bg6 41.Qf6+ Kg8 42.Rd2 Qc6
43.Rd8+ Be8 44.Qe7  1-0

[Event "GM"]
[Site "Rostock GER"]
[Date "2002.09.01"]
[Round "9"]
[White "Szelag,M"]
[Black "Boensch,U"]
[Result "1-0"]
[WhiteElo "2369"]
[BlackElo "2540"]

1.e4 c5 2.Nf3 Nc6 3.d4 cxd4 4.Nxd4 e6 5.Nc3 d6 6.Be2 Nf6 7.O-O Be7 8.Kh1 O-O
9.f4 Bd7 10.Be3 Nxd4 11.Bxd4 Bc6 12.Qd3 b5 13.a3 a6 14.Qg3 g6 15.Bf3 Nd7
16.Rad1 Rc8 17.Qh3 Re8 18.e5 d5 19.f5 gxf5 20.Bxd5 Nf8 21.Bxc6 Rxc6 22.Ne4 fxe4
23.Qh5 Bh4 24.Bc5 Rxc5 25.Rxd8 Rxd8 26.Qxh4 Rcd5 27.Qxe4 Ng6 28.h3 Nxe5 29.b3 Rc8
30.Kh2 Rc3 31.Rf5 Rcc5 32.Rg5+ Kf8 33.Rg3 Ng6 34.c4 bxc4 35.bxc4 Rd6 36.Rb3 Re5
37.Qf3 Rf5 38.Qc3 e5 39.c5 Rc6 40.Rb6 Rff6 41.Qa5 e4 42.Rxc6 Rxc6 43.Qd8+ Kg7
44.Qd4+ Kh6 45.Qxe4 Rxc5 46.Qe3+ Rg5 47.g4 a5 48.Qd2 f6 49.Kg3 Kg7 50.Qd7+ Kg8
51.Qd6 Kf7 52.h4 Re5 53.g5 Rf5 54.Qc7+ Ne7 55.Kg4 fxg5 56.hxg5 Rd5 57.Kh5 Ke8
58.Qb8+ Kd7 59.Qb1 Ng6 60.Qb7+ Kd6 61.Kh6 Ne7 62.Qb8+ Ke6 63.Qb6+ Kd7 64.Qg1  1-0

[Event "GP"]
[Site "Izmir TUR"]
[Date "2002.09.02"]
[Round "6"]
[White "Haznedaroglu,K"]
[Black "Valensi,B"]
[Result "1/2-1/2"]
[WhiteElo "2370"]
[BlackElo "2173"]

1.e4 c5 2.Nf3 e6 3.d4 cxd4 4.Nxd4 Nc6 5.Nc3 Qc7 6.Be3 Nf6 7.Bd3 a6 8.O-O Ne5
9.h3 Bc5 10.Kh1 d6 11.f4 Ng6 12.Qe1 O-O 13.f5 Ne5 14.Qh4 b5 15.Rf3 Bxd4 16.Bxd4 exf5
17.exf5 Nxf3 18.gxf3 Bb7 19.Qxf6 Bxf3+ 20.Kh2 d5+ 21.Be5 gxf6 22.Bxc7 b4
23.Ba5 bxc3 24.Rg1+ Kh8 25.Bxc3 h5 26.Bxf6+ Kh7 27.Rg7+ Kh6 28.Rg3 Be4 29.Bg7+ Kh7
30.Bxf8 Rxf8 31.Bxe4 dxe4 32.f6 Rd8 33.Rg7+ Kh6 34.Rxf7 Kg6 35.Rc7 Kxf6 36.Kg3 Ke5
37.Kf2 Rf8+ 38.Ke2 Kf4 39.Rg7 Rc8 40.c3 a5 41.Rf7+ Kg3 42.Rf5 h4 43.Rc5 Kxh3
44.Re5 Rc4 45.Rg5 Kh2 46.Ke3 h3 47.Kf4 Ra4 48.b3 Rxa2 49.Kxe4 Rg2 50.Rh5 Rg3
51.Kd4 Rg4+ 52.Ke3 Rg3+ 53.Kd4 Rg4+ 54.Ke3 Rg3+  1/2-1/2

[Event "GER-GRE Match"]
[Site "Fuerth GER"]
[Date "2002.09.03"]
[Round "4"]
[White "Mastrovasilis,D"]
[Black "Bischoff,K"]
[Result "0-1"]
[WhiteElo "2462"]
[BlackElo "2554"]

1.e4 c5 2.Nf3 e6 3.d4 cxd4 4.Nxd4 Nc6 5.Nc3 d6 6.g4 a6 7.Be3 Bd7 8.Qe2 Nge7
9.Nb3 Nc8 10.O-O-O Be7 11.f4 Qc7 12.Bg2 O-O 13.g5 b5 14.e5 dxe5 15.fxe5 Rb8
16.Nc5 Bxc5 17.Bxc5 Rd8 18.Rhe1 Be8 19.Qe3 Rxd1+ 20.Rxd1 N8e7 21.Bd6 Qb6
22.Qh3 Rc8 23.Be4 Ng6 24.Nd5 Qa5 25.Nf4 Qa4 26.Nxe6 Qxe4 27.Nxg7 Nce7 28.c3 Kxg7
29.Qh6+ Kg8 30.Rf1 Nf5  0-1

[Event "5th Pyramiden-Franken Cup"]
[Site "Fuerth GER"]
[Date "2002.09.03"]
[Round "4"]
[White "Efimenko,Z"]
[Black "Handke,F"]
[Result "1-0"]
[WhiteElo "2557"]
[BlackElo "2471"]

1.e4 c5 2.Nf3 e6 3.Nc3 Nc6 4.d4 cxd4 5.Nxd4 Qc7 6.Be2 a6 7.O-O Nf6 8.Be3 Bb4
9.Na4 Be7 10.Nxc6 bxc6 11.Nb6 Rb8 12.Nxc8 Qxc8 13.e5 Nd5 14.Bd4 c5 15.c4 cxd4
16.cxd5 Qc5 17.Bf3 Bg5 18.Rb1 O-O 19.Qa4 d6 20.Qxa6 dxe5 21.dxe6 f5 22.Qc6 Rfc8
23.Qxc5 Rxc5 24.b4 Rcb5 25.a3 e4 26.Bd1 Ra5 27.bxa5 Rxb1 28.Ba4 Rb7 29.a6 Rc7
30.Rb1 Kf8 31.g3 Bd8 32.Rb8 Ke7 33.Ra8 Rc5 34.Bb3 Bc7 35.Rg8 e3 36.fxe3 dxe3
37.Kf1 Ra5 38.Rxg7+ Kd6 39.Rd7+ Kc6 40.Bd5+  1-0

[Event "GER-GRE Match"]
[Site "Fuerth GER"]
[Date "2002.09.03"]
[Round "4"]
[White "Schmaltz,R"]
[Black "Banikas,H"]
[Result "0-1"]
[WhiteElo "2547"]
[BlackElo "2521"]

1.e4 c5 2.Nf3 Nc6 3.Nc3 e6 4.d4 cxd4 5.Nxd4 Qc7 6.f4 a6 7.Nxc6 Qxc6 8.Bd3 b5
9.Qe2 Bb7 10.Bd2 Rc8 11.a4 b4 12.Nd5 f5 13.c4 Kf7 14.exf5 exd5 15.Qh5+ g6
16.fxg6+ hxg6 17.Qxh8 dxc4 18.Qh7+ Bg7 19.Qxg6+ Qxg6 20.Bxg6+ Kxg6 21.O-O-O c3
22.bxc3 Be4 23.Rhe1 d5 24.Re3 bxc3 25.Rg3+ Kf7  0-1